00424 2200169 4500001002100000008004100021035002000062245002000082100001500102260004500117300002100162020001800183084001400201082000800215650001700223990001400240INLIS000000000000696 ind  a0010-1125000008 aBumicTere Liye aLiye, Tere aJakarta :bGramedia Pustaka Utama,c2021 a440 hlm.c20 cm. a9786020332956 a813 LIY b a813 aFiksi Remaja a000001276